Review Of Tribal Sub-Plan Approach in Orrisa: (Record no. 189402)
[ view plain ]
| 000 -LEADER | |
|---|---|
| fixed length control field | 00622nam a22001817a 4500 |
| 005 - DATE AND TIME OF LATEST TRANSACTION | |
| control field | 20220629100713.0 |
| 010 ## - LCCN (DPL NO) | |
| LC control number | ENG-133405 |
| 020 ## - INTERNATIONAL STANDARD BOOK NUMBER | |
| International Standard Book Number | 9789380705040 |
| Terms of availability | 1245.00 |
| 035 ## - SYSTEM CONTROL NUMBER | |
| System control number | EN-116737 |
| 037 ## - SOURCE OF ACQUISITION | |
| Source of stock number/acquisition | DBAD/PUB |
| 082 ## - DEWEY DECIMAL CLASSIFICATION NUMBER | |
| Classification number | 307.7754 |
| 100 ## - MAIN ENTRY--PERSONAL NAME | |
| Personal name | Ota, A.B. |
| 245 ## - TITLE STATEMENT | |
| Title | Review Of Tribal Sub-Plan Approach in Orrisa: |
| Remainder of title | Study of Provision, Implementation and Outcome/ |
| Statement of responsibility, etc | A.B. Ota [et.al...] |
| 260 ## - PUBLICATION, DISTRIBUTION, ETC. (IMPRINT) | |
| Place of publication, distribution, etc | Bhubaneswar |
| Name of publisher, distributor, etc | Scheduled Castes and Scheduled Tribes Research and Training Institute |
| Date of publication, distribution, etc | 2010 |
| 270 ## - ADDRESS | |
| City | Orissa |
| Postal code | 751003 |
| 300 ## - PHYSICAL DESCRIPTION | |
| Extent | xxxvi, 462p. |
| Dimensions | 25cm (hb) |
| 942 ## - ADDED ENTRY ELEMENTS (KOHA) | |
| Source of classification or shelving scheme | Dewey Decimal Classification |
| Item type | English Books |
| Classification part | 307.7754 |
| Call number suffix | REV |
| Withdrawn status | Lost status | Not for loan | Collection code | Home library | Current library | Date acquired | Source of acquisition | Cost, normal purchase price | Full call number | Barcode | Copy number | Cost, replacement price | Koha item type |
|---|---|---|---|---|---|---|---|---|---|---|---|---|---|
| Non-fiction | Ashok Vihar | Ashok Vihar | 29/06/2022 | DBAD/PUB | 1245.00 | 307.7754 REV | EN-116937 | 1 | 1245.00 | English Books |
